000 01408nam0a22002891 4500
001 rc\232760
005 20250621011629.0
035 _a(NLR Aleph) 005495437
090 _a5251642
_c5251641
100 _a20030307d1990 |||y0rusy50 ca
101 0 _arus
102 _aRU
105 _ay |||||||||
200 1 _aОрганизация кооперативных и арендных форм хозяйствования на предприятиях черной металлургии
210 _aМ.
_cЧерметинформация
_d1990
215 _a13 с., включ. обл.
_d20
225 1 _aЧерная металлургия
_iСерия "Экономика, организация производства и труда в черной металлургии"
_eОбзор. информ.
_fЦНИИ информ. и техн.-экон. исслед. чер. металлургии
_vВып. 4
300 _aНа обл. авт. не указаны
300 _aВ надзаг. также: М-во металлургии СССР
700 1 _aМакаров
_bЛ.П.
_gЛеонид Павлович
701 1 _aПопов
_bД. И.
_cд-р экон. наук, металлургия
_gДмитрий Иванович
_9230475
_3RU\NLR\AUTH\770230531
801 0 _aRU
_bNLR
_gpsbo
801 1 _aRU
_bELAR
_2rusmarc
852 _aNLR
_jП22/4838
942 _cBOOK
980 _aNB